000 00669nam a2200229 4500
003 OSt
005 20260530113855.0
008 260506b19751977sp ||||| |||| 00| 0 spa d
020 _a8425206820
040 _aICI
_bSPA
_cICI
041 _aSPA
050 _aHX811.1977
_bF74 1977
100 1 _aFriedman, Yona,
_d1923-
_eautor
_931622
245 1 0 _a Utopias realizables /
_cYona friedman ; version castellana de francese Serra cantarell
264 1 _aBarcelona :
_bGustavo Gili,
_c1977
300 _a128 páginas
336 _atexto
_2rdacontent
337 _asin medio
_2rdamedia
338 _avolumen
_2rdacarrier
650 4 _aUtopías
_931623
942 _2lcc
_cBK
_n1
999 _c11584
_d11584